000
00258nam a22001217a 4500
040
_c
HS
082
_a
338 COL 1993 C089
100
_a
COLIN PRICE
245
_a
Time, discounting & value
260
_a
USA
_b
COLIN PRICE
_c
1993
300
_a
393p;
942
_c
EK
999
_c
11160
_d
11160